|
|
|
|
| LEADER |
01717cam a2200469 a 4500 |
| 001 |
nkc20112234515 |
| 003 |
CZ PrNK |
| 005 |
20240627121940.0 |
| 007 |
ta |
| 008 |
110916s2011 xr a g 6 000 1 cze d |
| 015 |
|
|
|a cnb002234515
|
| 020 |
|
|
|a 978-80-7449-059-0
|q (brož.) :
|c Kč 289,00
|
| 035 |
|
|
|a (OCoLC)780138140
|
| 040 |
|
|
|a KLG001
|b cze
|d ABA001
|
| 041 |
1 |
|
|a cze
|h eng
|
| 072 |
|
7 |
|a 741.52
|x Komiksy. Komiksové adaptace
|2 Konspekt
|9 21
|
| 080 |
|
|
|a 741.52(0:82-322.9)
|2 MRF
|
| 080 |
|
|
|a 741.52(0:82-321.5)
|2 MRF
|
| 080 |
|
|
|a 741.52(0:82-321.9)
|2 MRF
|
| 100 |
1 |
|
|a Giffen, Keith,
|d 1952-2023
|7 mzk2005290119
|4 aut
|
| 245 |
1 |
0 |
|a Lobo.
|p Poslední Czarnian /
|c scénář Keith Giffen ; dialogy Alan Grant ; kresba Simon Bisley ; [překlad Šimon Španihel]
|
| 246 |
3 |
|
|a Lobo - Poslední Czarnian
|
| 246 |
3 |
0 |
|a Poslední Czarnian
|
| 260 |
|
|
|a Praha :
|b Crew,
|c 2011
|
| 300 |
|
|
|a [110] s. v různém stránkování :
|b vše barev. il. ;
|c 26 cm
|
| 490 |
1 |
|
|a Světové komiksy česky
|
| 500 |
|
|
|a Přeloženo z angličtiny
|
| 655 |
|
7 |
|a superhrdinské komiksy
|7 fd1057488
|2 czenas
|
| 655 |
|
7 |
|a humoristické komiksy
|7 fd1057480
|2 czenas
|
| 655 |
|
7 |
|a sci-fi komiksy
|7 fd1057483
|2 czenas
|
| 655 |
|
9 |
|a superhero comics
|2 eczenas
|
| 655 |
|
9 |
|a humorous comics
|2 eczenas
|
| 655 |
|
9 |
|a science fiction comics
|2 eczenas
|
| 700 |
1 |
|
|a Grant, Alan,
|d 1949-2022
|7 jn20000602294
|4 aut
|
| 700 |
1 |
|
|a Bisley, Simon,
|d 1962-
|7 xx0003323
|4 ill
|
| 765 |
0 |
|
|t Lobo 1-4
|9 Česky
|
| 830 |
|
0 |
|a Světové komiksy česky
|0 s
|
| 910 |
2 |
|
|a BOA001
|b 3-1278.725
|
| 990 |
|
|
|a BK
|
| 995 |
|
|
|a 01
|
| 991 |
|
|
|b 201202
|e b
|
| 996 |
6 |
|
|b 2610501571
|c 3-1278.725
|l MZK
|r Sklad / do 1 hodiny
|n 2
|p p.v.
|w 001226440
|u 000010
|a 1
|e BOA001
|j MZK50
|s P
|